logo

Bir Sreshtho Munshi Abdur Rouf Library
Jhenaidah Cadet College

Pakistan's development : (Record no. 8557)

MARC details
000 -LEADER
fixed length control field 00955nam a2200277 a 4500
001 - CONTROL NUMBER
JCCL Control Number 8557
003 - CONTROL NUMBER IDENTIFIER
JCCL marc code BD - JhCC
005 - DATE AND TIME OF LATEST TRANSACTION
control field 20180227161746.0
008 - FIXED-LENGTH DATA ELEMENTS--GENERAL INFORMATION
fixed length control field 920604s1967 mau b 001 0 eng d
035 ## - SYSTEM CONTROL NUMBER
system control number (BD - JhCC)8557
040 ## - CATALOGING SOURCE
Original cataloging agency DLC
Transcribing agency DLC
Modifying agency m.c
-- BD - JhCC
041 ## - LANGUAGE CODE
Language code of Book eng
050 #0 - LIBRARY OF CONGRESS CALL NUMBER
Classification number HC440.5
Item number .P38
082 ## - DEWEY DECIMAL CLASSIFICATION NUMBER
Classification number 338.9549
Author mark and Year PAP 1967
100 1# - MAIN ENTRY--PERSONAL NAME
Personal name Papanek, Gustav Fritz.
245 10 - TITLE STATEMENT
Title Pakistan's development :
Remainder of title social goals and private incentives /
Statement of responsibility, etc Gustav F. Papanek.
260 ## - PUBLICATION, DISTRIBUTION, ETC. (IMPRINT)
Place of publication, distribution, etc Cambridge, Mass :
Name of publisher, distributor, etc Harvard University Press,
Date of publication, distribution, etc 1967.
300 ## - PHYSICAL DESCRIPTION
Pagination xxii, 354 p. ;
Dimensions 22 cm.
500 ## - GENERAL NOTE
General note "Written under the auspices of the Center for International Affairs, Harvard University."
504 ## - BIBLIOGRAPHY, ETC. NOTE
Bibliography, etc Includes bibliography( p. [337]-350) and index.
651 #0 - SUBJECT ADDED ENTRY--GEOGRAPHIC NAME
Geographic name Pakistan
General subdivision Economic conditions.
651 #0 - SUBJECT ADDED ENTRY--GEOGRAPHIC NAME
Geographic name Pakistan
General subdivision Economic policy.
710 2# - ADDED ENTRY--CORPORATE NAME
Corporate name or jurisdiction name as entry element Harvard University.
Subordinate unit Center for International Affairs.
942 ## - ADDED ENTRY ELEMENTS (KOHA)
Source of classification or shelving scheme Dewey Decimal Classification
Koha item type Books
Holdings
Source of classification or shelving scheme Damaged status Not for loan Home library Current library Shelving location Total Checkouts Full call number Barcode Date last seen Copy number Koha item type
Dewey Decimal Classification     JCC Rouf Library JCC Rouf Library General Stacks   338.9549 PAP 1967 11269 02/27/2018 C - 1 Books

JCC Library | Contacts | JCC Home

Last Update on 23 September 2017
Copyright @ 2017-2020 JCC Rouf Library
Rouf Library, Jhenidah Cadet College (JCC), Bangladesh